DENTISTRY FOR CHILD & ADOLSCENT (Record no. 3204)

MARC details
000 -LEADER
fixed length control field 00344nam a2200145Ia 4500
008 - FIXED-LENGTH DATA ELEMENTS--GENERAL INFORMATION
fixed length control field 150201s1987 xx 000 0 und d
082 ## - DEWEY DECIMAL CLASSIFICATION NUMBER
Classification number 617.645
Item number D1987M
100 ## - MAIN ENTRY--PERSONAL NAME
Personal name MCDONALD
245 ## - TITLE STATEMENT
Title DENTISTRY FOR CHILD & ADOLSCENT
250 ## - EDITION STATEMENT
Edition statement 5TH
260 ## - PUBLICATION, DISTRIBUTION, ETC. (IMPRINT)
Name of publisher, distributor, etc. MOSBY
Place of publication, distribution, etc. NEW DELHI
Date of publication, distribution, etc. 1987
300 ## - PHYSICAL DESCRIPTION
Extent 1-937
650 ## - SUBJECT ADDED ENTRY--TOPICAL TERM
Topical term or geographic name as entry element PEDODONTICS
942 ## - ADDED ENTRY ELEMENTS (KOHA)
Source of classification or shelving scheme Dewey Decimal Classification
Koha item type Books
Holdings
Withdrawn status Lost status Source of classification or shelving scheme Damaged status Not for loan Home library Current library Date acquired Source of acquisition Cost, normal purchase price Serial Enumeration / chronology SGTU Bill Number Total Checkouts Full call number Barcode Date last seen Bill Date Koha item type Date last checked out
    Dewey Decimal Classification     SGT Dental Library SGT Dental Library 10/03/2005 U.B.S.DELHI 49.56 1 SGTU 1305   617.645 D1987M FD3272 09/02/2015 27/04/2012 Books  
    Dewey Decimal Classification     SGT Dental Library SGT Dental Library 10/03/2005 U.B.S.DELHI 49.56 1 SGTU 1305 1 617.645 D1987M FD3273 17/01/2017 27/04/2012 Books 12/01/2017